| 000 | 00457nam a2200145 i 4500 | ||
|---|---|---|---|
| 001 | 100922 | ||
| 003 | ES-MaACL | ||
| 007 | t| | ||
| 008 | 051006s1931 gw ||||1| ger d | ||
| 100 | 1 |
_aMatti, Hermann. _979148 |
|
| 245 | 1 | 4 |
_aDie Knochenbrüche und ihre Behandlung _b: Ein Lehrbuch Für Studierende und èarzte / _cvon Prof. Hermann Matti. |
| 260 |
_aBerlin : _bJulius Springer, _c1931. |
||
| 300 |
_aXV, 938 p. ; _c26 cm. |
||
| 852 |
_aES-MaACL _jE-1674 |
||
| 999 |
_c100922 _d100922 |
||